Statistics for Non-English #1 US hits

Click here to take the quiz!

General Stats

  • This quiz has been taken 39 times
  • The average score is 3 of 8

Answer Stats

LanguageYearWeeksSongArtist% Correct
Spanish*20062Hips Don't LieShakira ft. Wyclef Jean
97%
German*19863Rock Me AmadeusFalco
58%
Spanish*201716DespacitoLuis Fonsi & Daddy Yankee ft. Justin Bieber
58%
Spanish*199614Macarena (Bayside Boys Mix)Los del Río
42%
Spanish19873La BambaLos Lobos
39%
French19634DominiqueThe Singing Nun
17%
Italian19585**Nel Blu Dipinto Di Blu (Volare)Domenico Modugno
8%
Japanese19633SukiyakiKyu Sakamoto
8%

Score Distribution

Percentile by Number Answered

Percent of People with Each Score

Your Score History

You have not taken this quiz